La prensa chilena en el Anuario universal / (Record no. 157142)

MARC details
000 -LEADER
campo de control de longitud fija 00895nam a22001935i 4500
001 - NÚMERO DE CONTROL
campo de control 157142
003 - IDENTIFICADOR DE NÚMERO DE CONTROL
campo de control ES-MaACL
005 - FECHA Y HORA DE LA ÚLTIMA TRANSACCIÓN
campo de control 20230906210608.0
008 - DATOS DE LONGITUD FIJA--INFORMACIÓN GENERAL
campo de control de longitud fija 040810s1887 cl |||| | spa d
100 1# - ENTRADA PRINCIPAL--NOMBRE DE PERSONA
Nombre de persona Larrain Zañartu, J. Joaquín.
9 (RLIN) 128703
245 13 - MENCIÓN DEL TÍTULO
Título La prensa chilena en el Anuario universal /
Mención de responsabilidad, etc. obra encargada por el director del anuario francés a J. Joaquín Larrain Zuñartu.
260 ## - PUBLICACIÓN, DISTRIBUCIÓN, ETC.
Lugar de publicación, distribución, etc. Valparaíso :
Nombre del editor, distribuidor, etc. Imp. i Lib. Americana de Federico T. Lathrop,
Fecha de publicación, distribución, etc. 1887.
300 ## - DESCRIPCIÓN FÍSICA
Extensión VII, 42 p. ;
Dimensiones 23 cm.
530 ## - NOTA DISPONIBLE DE FORMULARIO FÍSICO ADICIONAL
Nota de formato físico adicional disponible Disponible en formato digital.
650 #4 - PUNTO DE ACCESO ADICIONAL DE MATERIA--TÉRMINO DE MATERIA
Término de materia o nombre geográfico como elemento de entrada Prensa-
Subdivisión geográfica Chile.
9 (RLIN) 172105
651 #4 - PUNTO DE ACCESO ADICIONAL DE MATERIA--NOMBRE GEOGRÁFICO
Nombre geográfico Chile-
Subdivisión general Descripción.
9 (RLIN) 143280
852 ## - LOCALIZACIÓN
Ubicación ES-MaACL
Número de control de estantería T-454-F-8
Nota libre - Enc. hol., falto de cub. original
-- - Dedicatoria ms. de L. Cardoso al Ateneo de Madrid
-- - Enc. en un vol. facticio
856 ## - LOCALIZACIÓN Y ACCESO ELECTRÓNICOS
Identificador Uniforme de Recursos <a href="http://bdh-rd.bne.es/viewer.vm?id=0000119621&page=1 ">http://bdh-rd.bne.es/viewer.vm?id=0000119621&page=1 </a>
Nota pública Biblioteca Digital Hispánica
Holdings
Estatus retirado Estado de pérdida Estado de daño No para préstamo Colección Biblioteca de origen Biblioteca actual Ubicación en estantería Fecha de adquisición Total de préstamos Signatura topográfica completa Código de barras Visto por última vez Precio de reemplazo Tipo de ítem Koha
        Colección de folletos Biblioteca del Ateneo de Madrid Biblioteca del Ateneo de Madrid Depósito folletos 17/01/2008   T-454-F-8 1164418 23/02/2023 23/02/2023 Folleto